La iconografía arquitectónica en el arte cristiano del primer milenio : perspectiva y convención; sueño y realidad /

Zapisane w:
Opis bibliograficzny
1. autor: Galtier Martí, Fernando (autor)
Format: Książka
Język:hiszpański
Wydane: Zaragoza, España : Mira, 2001, c2001
Hasła przedmiotowe:
Etykiety: Dodaj etykietę
Nie ma etykietki, Dołącz pierwszą etykiete!

MARC

LEADER 00000nam^a2200000^a^4500
001 000167453
005 20250521000000.0
009 20260310101127.368
020 |a 84-8465-053-7 
037 |a Acervo ITESO - Biblioteca 
041 |a ESP 
082 |a 723.  |b GAL 
100 |a Galtier Martí, Fernando  |e (autor) 
245 1 3 |a La iconografía arquitectónica en el arte cristiano del primer milenio :  |b perspectiva y convención; sueño y realidad /  |c F. Galtier Martí. 
264 4 |a Zaragoza, España :  |b Mira,  |c 2001, c2001 
300 |a 452 p. 
336 |a texto  |b txt  |2 rdacontenido 
337 |a sin mediación  |b n  |2 rdamedio 
338 |a volumen  |b nc  |2 rdasoporte 
649 |a XX 
650 |a Perspectiva 
650 |a Arquitectura Religiosa -  |x Historia y Crítica 
650 |a Arquitectura Medieval -  |x Historia y Crítica 
650 |a Arte y Simbolismo Cristianos -  |x Historia y Crítica 
650 |a Arte Religioso -  |x Historia y Crítica 
650 |a Arte Medieval -  |x Historia y Crítica 
910 |a Fondo General 
920 |a Impresos - Libros 
930 |a Reserva Especial 
905 |a 103 
901 |a 0500103452  |b IT1  |c REE  |u 20250521 
902 |a https://opac.biblio.iteso.mx/vufind/Record/000167453